|
|
|
|
| LEADER |
00000nam0a2200000 4500 |
| 001 |
316548 |
| 005 |
20231102002903.0 |
| 010 |
|
|
|a 9785970429365
|
| 035 |
|
|
|a (RuTPU)RU\TPU\book\341999
|
| 090 |
|
|
|a 316548
|
| 100 |
|
|
|a 20160323d2014 m y0rusy50 ca
|
| 101 |
0 |
|
|a rus
|
| 102 |
|
|
|a RU
|
| 105 |
|
|
|a a j 001zy
|
| 200 |
1 |
|
|a Медицина катастроф
|e учебное пособие
|f И. В. Рогозина
|
| 210 |
|
|
|a Москва
|c ГЭОТАР-Медиа
|d 2014
|
| 215 |
|
|
|a 145 с.
|c ил.
|
| 320 |
|
|
|a Библиогр.: с. 145
|
| 330 |
|
|
|a В учебном пособии приведена организационная структура службы медицины катастроф, рассмотрены основы защиты населения и личного состава учреждений здравоохранения в чрезвычайных ситуациях, а также лечебного обеспечения пораженного населения при ликвидации медико-санитарных последствий чрезвычайных ситуаций. Представлена краткая характеристика новых видов оружия массового поражения. Некоторые рекомендации для ситуаций, связанных с террористическими актами, могут оказаться полезными и эффективными для сохранения жизни и здоровья людей.Предназначено слушателям и преподавателям основного и дополнительного профессионального образования по группе специальностей «Здравоохранение».
|
| 606 |
1 |
|
|a Медицина катастроф
|2 stltpush
|3 (RuTPU)RU\TPU\subj\41784
|9 61568
|
| 610 |
1 |
|
|a чрезвычайные ситуации
|
| 610 |
1 |
|
|a поражающие факторы
|
| 610 |
1 |
|
|a оружие массового поражения
|
| 610 |
1 |
|
|a население
|
| 610 |
1 |
|
|a защита
|
| 610 |
1 |
|
|a терроризм
|
| 610 |
1 |
|
|a предупреждение
|
| 610 |
1 |
|
|a ликвидация
|
| 610 |
1 |
|
|a лечебно-эвакуационное обеспечение
|
| 610 |
1 |
|
|a санитарно-гигиенические мероприятия
|
| 610 |
1 |
|
|a противоэпидемические мероприятия
|
| 610 |
1 |
|
|a учебные пособия
|
| 675 |
|
|
|a 614.8(075.8)
|v 4
|
| 700 |
|
1 |
|a Рогозина
|b И. В.
|g Ирина Владимировна
|
| 801 |
|
1 |
|a RU
|b 63413507
|c 20160323
|
| 801 |
|
2 |
|a RU
|b 63413507
|c 20160520
|g RCR
|
| 900 |
|
|
|a Медицина катастроф
|
| 942 |
|
|
|c BK
|
| 959 |
|
|
|a 31/20160318
|d 1
|e 0
|f ЧЗТЛ:1
|